[Event "Winnipeg Kaptsan Memorial"]
[Site "Winnipeg"]
[Date "2018.11.18"]
[Round "4.6"]
[White "Jenkins, Mark"]
[Black "Marshall, Carter"]
[Result "1-0"]
[WhiteElo "1433"]
[BlackElo "1605"]
[PlyCount "107"]
[EventDate "2018.11.17"]
[EventType "swiss"]
[EventRounds "5"]
[EventCountry "CAN"]
[SourceTitle "EXT 2023"]
[Source "ChessBase"]
[SourceDate "2022.10.05"]
[SourceVersion "1"]
[SourceVersionDate "2022.10.05"]
[SourceQuality "1"]

1. d4 Nf6 2. c4 c5 3. d5 b5 4. cxb5 a6 5. bxa6 Bxa6 6. Nc3 d6 7. g3 g6 8. Bg2 Bg7 9. e4 Nbd7 10. Nf3 Ne5 11. Qa4+ Qd7 12. Qxd7+ Kxd7 13. Bf1 Bxf1 14. Kxf1 Nd3 15. Nd2 Ng4 16. f3 Ngf2 17. Rg1 Bxc3 18. bxc3 Nxc1 19. Kxf2 Rxa2 20. Rgxc1 Rxd2+ 21. Ke3 Rb2 22. Ra7+ Kc8 23. Rca1 Re8 24. Ra8+ Rb8 25. R1a7 h5 26. Kf4 f6 27. h3 e6 28. Ra6 Rd8 29. dxe6 Rxa8 30. Rxa8+ Kc7 31. Ra7+ Kc6 32. Rf7 d5 33. Rxf6 Rd6 34. e5 g5+ 35. Ke3 d4+ 36. cxd4 cxd4+ 37. Kd3 Rd5 38. e7+ Kd7 39. Rd6+ Rxd6 40. exd6 Ke8 41. Kxd4 Kd7 42. Ke4 Ke8 43. Kf5 Kd7 44. Kxg5 Ke8 45. f4 h4 46. gxh4 Kd7 47. h5 Ke8 48. h6 Kd7 49. h7 Kxd6 50. e8Q Kc7 51. Qe6 Kb7 52. h8Q Ka7 53. Qg7+ Ka8 54. Qe8# 1-0

[Event "Winnipeg Kaptsan Memorial"]
[Site "Winnipeg"]
[Date "2018.11.17"]
[Round "1.4"]
[White "Melnyk, Jim"]
[Black "Jenkins, Mark"]
[Result "1-0"]
[WhiteElo "1633"]
[BlackElo "1433"]
[PlyCount "81"]
[EventDate "2018.11.17"]
[EventType "swiss"]
[EventRounds "5"]
[EventCountry "CAN"]
[SourceTitle "EXT 2023"]
[Source "ChessBase"]
[SourceDate "2022.10.05"]
[SourceVersion "1"]
[SourceVersionDate "2022.10.05"]
[SourceQuality "1"]

1. e4 c6 2. Nc3 d5 3. Nf3 Bg4 4. exd5 cxd5 5. Be2 Nf6 6. d4 e6 7. 0-0 Be7 8. Re1 0-0 9. Bf4 Nc6 10. a3 a6 11. Qd2 Bxf3 12. Bxf3 Qb6 13. Be3 Rac8 14. Rab1 Kh8 15. Qd3 Ng8 16. Ne2 Bf6 17. Red1 Nce7 18. Ng3 Rc6 19. c3 Qc7 20. Rdc1 b5 21. Nh5 g6 22. Nxf6 Nxf6 23. Bh6 Re8 24. Qd2 Neg8 25. Bf4 Qc8 26. Be5 a5 27. Be2 Qb7 28. Qg5 Kg7 29. h4 h6 30. Qf4 Qe7 31. g4 Kh7 32. g5 Nd7 33. Bxb5 Rb6 34. Bd3 Nxe5 35. dxe5 Reb8 36. b4 Qa7 37. bxa5 Rxb1 38. Rxb1 Kg7 39. Rxb8 Qxb8 40. gxh6+ Nxh6 41. Qf6+ 1-0

[Event "Winnipeg op"]
[Site "Winnipeg"]
[Date "2017.07.18"]
[Round "7"]
[White "Gannon, Keith"]
[Black "Jenkins, Mark"]
[Result "1/2-1/2"]
[WhiteElo "1618"]
[BlackElo "1409"]
[PlyCount "98"]
[EventDate "2017.06.06"]
[EventType "swiss"]
[EventRounds "8"]
[EventCountry "CAN"]
[SourceTitle "EXT 2022"]
[Source "ChessBase"]
[SourceDate "2021.10.06"]
[SourceVersion "1"]
[SourceVersionDate "2021.10.06"]
[SourceQuality "1"]

1. e4 c6 2. d4 d5 3. Nc3 dxe4 4. Nxe4 Bf5 5. Nc3 e6 6. Nf3 Be7 7. Be2 Nf6 8. 0-0 0-0 9. Ne5 Nbd7 10. Nxd7 Qxd7 11. Bf3 Rfd8 12. Be3 b6 13. a3 Rac8 14. Re1 c5 15. dxc5 Bxc5 16. Qxd7 Rxd7 17. Bxc5 Rxc5 18. Rac1 h6 19. h3 Rc8 20. g4 Bh7 21. Kg2 Rcd8 22. Re3 Rd2 23. Ne4 Bxe4 24. Bxe4 Nxe4 25. Rxe4 Rc8 26. Ra4 Rc7 27. b4 Kf8 28. c4 Ke7 29. c5 Kd7 30. Rc3 b5 31. Ra6 Kc8 32. c6 Rd6 33. Rc5 Rd5 34. a4 Rxc5 35. bxc5 b4 36. Ra5 Rxc6 37. Rb5 Kc7 38. Kf3 a6 39. Rxb4 Rxc5 40. Rf4 Rc3+ 41. Kg2 f6 42. Re4 Rc6 43. f4 Kd7 44. Rd4+ Rd6 45. Rb4 Kc7 46. Rc4+ Rc6 47. Rb4 Rc5 48. Kf3 a5 49. Re4 Rc6 1/2-1/2

[Event "Winnipeg Yanofsky Memorial U1800"]
[Site "Winnipeg"]
[Date "2015.08.16"]
[Round "5.5"]
[White "Leaden, Bruce"]
[Black "Jenkins, Mark"]
[Result "1/2-1/2"]
[WhiteElo "1554"]
[BlackElo "1455"]
[PlyCount "84"]
[EventDate "2015.08.14"]
[EventType "swiss"]
[EventRounds "5"]
[EventCountry "CAN"]
[SourceTitle "EXT 2022"]
[Source "ChessBase"]
[SourceDate "2021.10.06"]
[SourceVersion "1"]
[SourceVersionDate "2021.10.06"]
[SourceQuality "1"]

1. e4 c6 2. d4 d5 3. e5 Bf5 4. Nf3 e6 5. Be2 c5 6. Be3 cxd4 7. Nxd4 Bg6 8. 0-0 Bc5 9. Nd2 a6 10. c4 Ne7 11. N2b3 Ba7 12. Rc1 0-0 13. h4 h6 14. Rc3 Nd7 15. h5 Bh7 16. Bf4 Rc8 17. Rg3 Kh8 18. Qc1 Bb8 19. Bxh6 Bxe5 20. Bf4 Bf6 21. Bg5 b5 22. Bxf6 Nxf6 23. Qg5 Rg8 24. h6 Ng6 25. cxb5 Ne4 26. Qxd8 Rcxd8 27. hxg7+ Kxg7 28. Re3 axb5 29. Bxb5 Rc8 30. Nc6 Rc7 31. a4 Rb7 32. Rd1 Nd6 33. Nc5 Rb6 34. Rb3 Nxb5 35. Rxb5 Rxc6 36. b4 Ne7 37. Nd7 Nc8 38. Ne5 Rc2 39. Ra1 Be4 40. f3 Kh7 41. fxe4 Rgxg2+ 42. Kh1 Rh2+ 1/2-1/2

[Event "Winnipeg op"]
[Site "Winnipeg"]
[Date "2015.07.06"]
[Round "6"]
[White "Remillard, John"]
[Black "Jenkins, Mark"]
[Result "1/2-1/2"]
[WhiteElo "1549"]
[BlackElo "1423"]
[PlyCount "82"]
[EventDate "2015.06.02"]
[EventType "swiss"]
[EventRounds "9"]
[EventCountry "CAN"]
[SourceTitle "EXT 2019"]
[Source "ChessBase"]
[SourceDate "2018.10.10"]
[SourceVersion "1"]
[SourceVersionDate "2018.10.10"]
[SourceQuality "1"]

1. Nf3 d5 2. d4 Bf5 3. Bf4 e6 4. Nbd2 Nf6 5. e3 c5 6. c4 Nc6 7. Qa4 Be7 8. Ne5 Qb6 9. Nxc6 Qxc6 10. Qxc6+ bxc6 11. dxc5 Bxc5 12. a3 a5 13. Rc1 Be7 14. Be5 0-0 15. Be2 Rfc8 16. 0-0 Ne8 17. Nb3 Nd6 18. cxd5 a4 19. Nd4 cxd5 20. Bxd6 Bxd6 21. Nxf5 exf5 22. Bd3 g6 23. f4 Bc5 24. Kf2 Bb6 25. Ke2 Rc5 26. Rxc5 Bxc5 27. Rc1 Bf8 28. Bb5 Rb8 29. Bxa4 Rxb2+ 30. Rc2 Bxa3 31. Rxb2 Bxb2 32. Kd3 Bf6 33. Bc6 g5 34. Bxd5 g4 35. e4 fxe4+ 36. Kxe4 Kg7 37. Kf5 h5 38. Bc4 Bd8 39. Be2 Kh6 40. Bc4 Kg7 41. Be2 Kh6 1/2-1/2

[Event "Winnipeg February TNT"]
[Site "Winnipeg"]
[Date "2015.02.17"]
[Round "3.4"]
[White "Skop, Mike"]
[Black "Jenkins, Mark"]
[Result "0-1"]
[WhiteElo "1652"]
[BlackElo "1435"]
[PlyCount "74"]
[EventDate "2015.02.03"]
[EventType "swiss"]
[EventRounds "4"]
[EventCountry "CAN"]
[SourceTitle "EXT 2019"]
[Source "ChessBase"]
[SourceDate "2018.10.10"]
[SourceVersion "1"]
[SourceVersionDate "2018.10.10"]
[SourceQuality "1"]

1. e4 c6 2. c4 d5 3. cxd5 cxd5 4. exd5 Qxd5 5. Nc3 Qe5+ 6. Be2 Bg4 7. Qa4+ Bd7 8. Qc4 Nf6 9. d4 Qd6 10. Bf3 Nc6 11. Nb5 Qb8 12. Ne2 a6 13. Bxc6 Bxc6 14. Nbc3 Bxg2 15. Bf4 Qc8 16. Qxc8+ Rxc8 17. Rg1 Bf3 18. Rg3 Bxe2 19. Nxe2 Nh5 20. Rb3 Nxf4 21. Nxf4 g6 22. Rxb7 Bg7 23. Nd5 Rd8 24. Nc7+ Kf8 25. Nxa6 Bxd4 26. Rb1 Bf6 27. b4 Kg7 28. b5 Bc3+ 29. Kf1 Rd2 30. Rxe7 Ra8 31. Rc7 Bd4 32. Rc6 Rxf2+ 33. Ke1 Re8+ 34. Kd1 Ree2 35. b6 Rd2+ 36. Kc1 Be3 37. Rb3 Rf1# 0-1

[Event "Winnipeg op"]
[Site "Winnipeg"]
[Date "2014.06.24"]
[Round "4"]
[White "Jenkins, Mark"]
[Black "Ma, Derek"]
[Result "0-1"]
[WhiteElo "1485"]
[BlackElo "1785"]
[PlyCount "54"]
[EventDate "2014.06.03"]
[EventType "swiss"]
[EventRounds "8"]
[EventCountry "CAN"]
[SourceTitle "EXT 2019"]
[Source "ChessBase"]
[SourceDate "2018.10.10"]
[SourceVersion "1"]
[SourceVersionDate "2018.10.10"]
[SourceQuality "1"]

1. d4 Nf6 2. c4 c5 3. dxc5 e6 4. Bg5 Bxc5 5. e3 Qa5+ 6. Qd2 Bb4 7. Nc3 Qxg5 8. Nf3 Qa5 9. Bd3 Bxc3 10. bxc3 Nc6 11. 0-0 0-0 12. Rfd1 Qc7 13. Bc2 Na5 14. Qe2 Qxc4 15. Bd3 Qxc3 16. Rac1 Qb4 17. Bxh7+ Nxh7 18. Rd4 Qa3 19. Qc2 f5 20. Rh4 b6 21. g4 Bb7 22. g5 Rac8 23. g6 Qxc1+ 24. Qxc1 Rxc1+ 25. Kg2 Bxf3+ 26. Kxf3 Ng5+ 27. Kg2 Rf6 0-1